[Event "Grosslobming FIDE GP (Women)"]
[Site "Grosslobming"]
[Date "2025.05.15"]
[Round "9"]
[White "Tan, Zhongyi"]
[Black "Muzychuk, Mariya"]
[Result "1/2-1/2"]
[WhiteElo "2536"]
[BlackElo "2494"]
[PlyCount "132"]
[EventDate "2025.05.06"]
[EventType "tourn"]
[EventRounds "9"]
[EventCountry "AUT"]
[EventCategory "10"]
[SourceTitle "CB21_2025"]
[SourceDate "2025.05.21"]
[SourceVersion "1"]
[SourceVersionDate "2025.05.21"]
[SourceQuality "1"]

1. d4 d5 2. c4 c6 3. Nf3 Nf6 4. e3 Bg4 5. Qb3 Qb6 6. Ne5 Bf5 7. f3 Bxb1 8. Rxb1 Nbd7 9. Nxd7 Nxd7 10. Qxb6 axb6 11. cxd5 cxd5 12. a3 e6 13. Bd2 Bd6 14. Bd3 Ke7 15. Kf2 h5 16. h4 Rac8 17. Rbc1 Nb8 18. Rxc8 Rxc8 19. g4 Rh8 20. gxh5 Rxh5 21. e4 dxe4 22. fxe4 e5 23. d5 Nd7 24. b4 Rh8 25. Bg5+ f6 26. Bd2 Ra8 27. Bc1 Rc8 28. h5 Kf7 29. Bb5 Nf8 30. Ke2 Rc3 31. Bd3 Nh7 32. Rf1 Be7 33. Bb2 Rb3 34. Rb1 Ng5 35. Bc4 Rh3 36. d6+ Ke8 37. Bb5+ Kf7 38. dxe7 Kxe7 39. Bd3 Rxh5 40. Bc1 Rh2+ 41. Kd1 Nf3 42. Be3 Nd4 43. b5 g5 44. Bxd4 exd4 45. Be2 Kd6 46. Rc1 Ke5 47. Rc7 Kxe4 48. Rxb7 f5 49. Re7+ Kf4 50. Re6 g4 51. Kd2 g3 52. Rg6 g2 53. Ke1 d3 54. Bxd3 Rh3 55. Kf2 Rxd3 56. Kxg2 Rxa3 57. Rxb6 Ra2+ 58. Kh3 Rb2 59. Ra6 Rxb5 60. Ra4+ Ke5 61. Kg3 Rb3+ 62. Kf2 Rd3 63. Rb4 Kf6 64. Ra4 Kg5 65. Rb4 f4 66. Rb8 Kf5 1/2-1/2

[Event "Nikosia FIDE GP (Women)"]
[Site "Nicosia"]
[Date "2025.03.24"]
[Round "9"]
[White "Muzychuk, Mariya"]
[Black "Goryachkina, Aleksandra"]
[Result "1/2-1/2"]
[WhiteElo "2490"]
[BlackElo "2548"]
[PlyCount "81"]
[EventDate "2025.03.15"]
[EventType "tourn"]
[EventRounds "9"]
[EventCountry "CYP"]
[EventCategory "10"]
[SourceTitle "CB13_2025"]
[SourceDate "2025.03.26"]
[SourceVersion "1"]
[SourceVersionDate "2025.03.26"]
[SourceQuality "1"]

1. e4 e5 2. Nf3 Nc6 3. Bb5 Nf6 4. 0-0 Nxe4 5. Re1 Nd6 6. Nxe5 Be7 7. Bf1 Nxe5 8. Rxe5 0-0 9. Nc3 Ne8 10. Nd5 Bd6 11. Re1 c6 12. Ne3 Be7 13. c4 Nc7 14. d4 d5 15. cxd5 Bb4 16. Bd2 Bxd2 17. Qxd2 Nxd5 18. Nxd5 Qxd5 19. Re5 Qd6 20. Bc4 Bd7 21. a3 Rae8 22. Qe3 b6 23. h3 Rxe5 24. dxe5 Qe7 25. Rd1 Be6 26. Bxe6 Qxe6 27. Rd6 Qc4 28. Qc3 Qxc3 29. bxc3 Re8 30. Rxc6 g5 31. Rc7 Rxe5 32. Rxa7 Rc5 33. Rb7 Rxc3 34. Rxb6 Rxa3 35. g3 Kg7 36. Kg2 h6 37. g4 Rd3 38. Ra6 Rc3 39. Rb6 Ra3 40. Rc6 Rb3 41. Ra6 1/2-1/2

[Event "Wch Blitz (Women)"]
[Site "New York"]
[Date "2024.12.30"]
[Round "8"]
[White "Mamedjarova, Zeinab"]
[Black "Muzychuk, Mariya"]
[Result "1-0"]
[WhiteElo "2145"]
[BlackElo "2490"]
[PlyCount "101"]
[EventDate "2024.12.30"]
[EventType "swiss (blitz)"]
[EventRounds "11"]
[EventCountry "USA"]
[SourceTitle "CB01_2025"]
[SourceDate "2025.01.01"]
[SourceVersion "1"]
[SourceVersionDate "2025.01.01"]
[SourceQuality "1"]

1. d4 d5 2. Nf3 Nf6 3. e3 c5 4. Be2 Nc6 5. 0-0 e6 6. Nbd2 b6 7. b3 cxd4 8. exd4 Bb7 9. Bb2 Bd6 10. Ne5 0-0 11. a3 Rc8 12. f4 Qe7 13. Bd3 Ne8 14. Qh5 g6 15. Qe2 f6 16. Nxc6 Rxc6 17. Rae1 Ng7 18. a4 Bb4 19. g4 Qc7 20. Qf2 Kh8 21. f5 exf5 22. gxf5 Nxf5 23. Re2 Ng7 24. Nf3 Bd6 25. Kh1 Qd8 26. Rg1 Bc8 27. Nh4 f5 28. Bc1 Be7 29. Nf3 Bf6 30. Ne5 Re6 31. Bh6 Qc7 32. Qf4 Qe7 33. Rxg6 Bxe5 34. Rxe6 Bxf4 35. Rxe7 Bxh6 36. Rxa7 Ne6 37. Re7 Nxd4 38. Re1 Bg5 39. Rc7 Ne6 40. Rc6 Nf4 41. Bf1 d4 42. Rxb6 Be6 43. Rexe6 Nxe6 44. Rxe6 Rc8 45. Bd3 Be3 46. Kg2 Rg8+ 47. Kf3 f4 48. a5 Rg1 49. a6 Ra1 50. Re7 h5 51. a7 1-0

[Event "Wch Rapid (Women)"]
[Site "New York"]
[Date "2024.12.28"]
[Round "10"]
[White "Muzychuk, Mariya"]
[Black "Lei, Tingjie"]
[Result "1-0"]
[WhiteElo "2422"]
[BlackElo "2518"]
[PlyCount "85"]
[EventDate "2024.12.26"]
[EventType "swiss (rapid)"]
[EventRounds "11"]
[EventCountry "USA"]
[SourceTitle "CB01_2025"]
[SourceDate "2025.01.01"]
[SourceVersion "1"]
[SourceVersionDate "2025.01.01"]
[SourceQuality "1"]

1. e4 e5 2. Nf3 Nc6 3. Nc3 Nf6 4. d4 exd4 5. Nxd4 Bb4 6. Nxc6 bxc6 7. Bd3 d5 8. exd5 0-0 9. 0-0 cxd5 10. h3 Be6 11. Qf3 Rb8 12. Bf4 Bd6 13. b3 c5 14. Bxd6 Qxd6 15. Rad1 Rfe8 16. Rfe1 Rbd8 17. Ne2 Bd7 18. Nf4 Bc6 19. Nh5 Nxh5 20. Qxh5 g6 21. Qg5 Kg7 22. Qd2 d4 23. Bc4 Be4 24. Re2 Qc6 25. f3 Bd5 26. Bxd5 Qxd5 27. Rde1 Rxe2 28. Qxe2 d3 29. cxd3 Qxd3 30. Qe5+ Kg8 31. Qxc5 Qd2 32. Qf2 Qc3 33. Qe3 Qa5 34. Re2 h5 35. Kh2 Qc7+ 36. Qe5 Qc1 37. Qf6 Qc7+ 38. f4 Rf8 39. Re7 Qa5 40. f5 gxf5 41. Re3 Rd8 42. Qg5+ Kh7 43. Rg3 1-0

[Event "Hoogeveen Crown 27th"]
[Site "Hoogeveen"]
[Date "2024.10.28"]
[Round "1"]
[White "Muzychuk, Mariya"]
[Black "Roebers, Eline"]
[Result "1/2-1/2"]
[WhiteElo "2505"]
[BlackElo "2331"]
[PlyCount "117"]
[EventDate "2024.10.28"]
[EventType "tourn"]
[EventRounds "6"]
[EventCountry "NED"]
[EventCategory "7"]
[SourceTitle "CB45_2024"]
[Source "ChessBase"]
[SourceDate "2024.11.06"]
[SourceVersion "1"]
[SourceVersionDate "2024.11.06"]
[SourceQuality "1"]

1. e4 c5 2. Nf3 Nc6 3. Bb5 e5 4. 0-0 Nge7 5. Nc3 a6 6. Bxc6 Nxc6 7. Nd5 Be7 8. c3 d6 9. h3 Be6 10. d4 cxd4 11. Nxe7 Qxe7 12. cxd4 exd4 13. Nxd4 0-0 14. Nxe6 Qxe6 15. Re1 Rad8 16. Be3 d5 17. Bb6 Rd7 18. exd5 Qxd5 19. Qg4 Re7 20. Rxe7 Nxe7 21. Rd1 Qc6 22. Bd4 f6 23. Be3 Ng6 24. Qb4 Re8 25. Rd6 Qc7 26. Qb3+ Qf7 27. Qb6 h5 28. b3 Ne5 29. Qd4 Re7 30. Bf4 Nc6 31. Qd2 Qe8 32. Be3 Qg6 33. Rd5 Ne5 34. Rd8+ Kh7 35. Kh2 Re8 36. Rd6 Qf7 37. Qc2+ Kg8 38. Qc5 Nc6 39. Qf5 Re5 40. Qd3 Re6 41. Bf4 Rxd6 42. Qxd6 Qe7 43. Qd5+ Qf7 44. Qf5 Ne7 45. Qc5 g6 46. Bg3 Kg7 47. Qb6 Nd5 48. Qc5 Ne7 49. Bc7 Nd5 50. Bd6 Qe6 51. a4 g5 52. b4 Kg6 53. Bb8 h4 54. b5 axb5 55. axb5 Qe8 56. Bd6 Qe6 57. Bb8 Qe8 58. Bd6 Qe6 59. Bb8 1/2-1/2

[Event "TUR-chT"]
[Site "Ankara"]
[Date "2024.07.23"]
[Round "12.35"]
[White "Muzychuk, Mariya"]
[Black "Mammadova, Narmin Fazahir Qizi"]
[Result "1/2-1/2"]
[WhiteElo "2508"]
[BlackElo "2277"]
[PlyCount "98"]
[EventDate "2024.07.14"]
[EventType "team-tourn"]
[EventRounds "15"]
[EventCountry "TUR"]
[SourceTitle "EXT 2025"]
[Source "ChessBase"]
[SourceDate "2024.10.14"]
[SourceVersion "1"]
[SourceVersionDate "2024.10.14"]
[SourceQuality "1"]
[WhiteTeam "Bayegan Pendik"]
[BlackTeam "Rota Koleji Dernegi"]
[WhiteTeamCountry "TUR"]
[BlackTeamCountry "TUR"]

1. e4 e5 2. Nf3 Nf6 3. Nxe5 d6 4. Nf3 Nxe4 5. Nc3 Nxc3 6. dxc3 Be7 7. Be3 0-0 8. Qd2 Nd7 9. 0-0-0 c6 10. h4 d5 11. Ng5 Re8 12. Bd3 Nf8 13. Qe2 f6 14. Nf3 Bg4 15. c4 Qa5 16. Kb1 Bc5 17. cxd5 Bxe3 18. fxe3 cxd5 19. Qf2 Re7 20. Rde1 Rae8 21. Nd4 Ne6 22. Qg3 Nxd4 23. Qxg4 Ne6 24. Qf3 Nf8 25. h5 h6 26. Re2 Qc5 27. Rhe1 Re5 28. g4 Ne6 29. Bg6 Re7 30. a3 b5 31. Rd1 a5 32. Red2 Nc7 33. e4 dxe4 34. Rd8+ Ne8 35. Qb3+ Qc4 36. Qe3 Kf8 37. Rb8 Rd5 38. Re1 Rde5 39. Rd1 Rd5 40. Re1 Rde5 41. b3 Qd5 42. Rf1 Qd6 43. Ra8 b4 44. a4 Qc6 45. Rd8 Rd7 46. Rb8 Rb7 47. Rd8 Rd7 48. Rb8 Rb7 49. Rd8 Rd7 1/2-1/2

[Event "TUR-chT"]
[Site "Ankara"]
[Date "2024.07.17"]
[Round "5.11"]
[White "Muzychuk, Mariya"]
[Black "Divya, Deshmukh"]
[Result "1/2-1/2"]
[WhiteElo "2508"]
[BlackElo "2464"]
[PlyCount "109"]
[EventDate "2024.07.14"]
[EventType "team-tourn"]
[EventRounds "15"]
[EventCountry "TUR"]
[SourceTitle "EXT 2025"]
[Source "ChessBase"]
[SourceDate "2024.10.14"]
[SourceVersion "1"]
[SourceVersionDate "2024.10.14"]
[SourceQuality "1"]
[WhiteTeam "Bayegan Pendik"]
[BlackTeam "Turk Hava Yollari"]
[WhiteTeamCountry "TUR"]
[BlackTeamCountry "TUR"]

1. e4 e5 2. Nf3 Nc6 3. Bc4 Bc5 4. c3 Nf6 5. d3 d6 6. a4 a6 7. 0-0 h6 8. h3 Ba7 9. Re1 0-0 10. Nbd2 Ne7 11. Bb3 Be6 12. Nf1 Ng6 13. d4 Bxb3 14. Qxb3 d5 15. Ng3 Qd6 16. exd5 exd4 17. c4 Nd7 18. Ne4 Nc5 19. Nxc5 Bxc5 20. Qxb7 Rab8 21. Qc6 Qxc6 22. dxc6 Rb6 23. h4 Rd8 24. Rb1 Bb4 25. Rd1 Rxc6 26. h5 Ne7 27. Ne5 Re6 28. Nd3 Nc6 29. Bf4 Rd7 30. Kf1 a5 31. g4 Re8 32. Bg3 f5 33. gxf5 Rf8 34. Ne5 Nxe5 35. Bxe5 Bc5 36. f6 gxf6 37. Bf4 Kh7 38. Rd3 Rg8 39. Re1 Rg4 40. Bd2 Bb4 41. Bxb4 axb4 42. Re6 Rg5 43. Rxf6 Rxh5 44. Rc6 b3 45. Ke2 Re5+ 46. Kd2 Rf5 47. f3 h5 48. Rxb3 h4 49. Rb5 Rxf3 50. Rh5+ Kg7 51. Rxh4 Rf2+ 52. Kd3 Rf3+ 53. Kd2 Rf2+ 54. Kd3 Rf3+ 55. Kd2 1/2-1/2

[Event "Saint Louis Cairns Cup (Women) 4th"]
[Site "Saint Louis"]
[Date "2024.06.19"]
[Round "6"]
[White "Kosteniuk, Alexandra"]
[Black "Muzychuk, Mariya"]
[Result "1-0"]
[WhiteElo "2501"]
[BlackElo "2510"]
[PlyCount "136"]
[EventDate "2024.06.13"]
[EventType "tourn"]
[EventRounds "9"]
[EventCountry "USA"]
[EventCategory "9"]
[SourceTitle "CBM 220 Extra"]
[Source "ChessBase"]
[SourceDate "2024.07.31"]
[SourceVersion "1"]
[SourceVersionDate "2024.07.31"]
[SourceQuality "1"]

1. e4 c6 2. Nc3 d5 3. Nf3 dxe4 4. Nxe4 Nf6 5. Qe2 Nxe4 6. Qxe4 Nd7 7. d4 Nf6 8. Qd3 g6 9. Be2 Bg7 10. 0-0 0-0 11. Re1 a5 12. Bf1 Bf5 13. Qb3 Nd5 14. c3 a4 15. Qa3 b5 16. Ne5 Qb6 17. Bd2 Rfd8 18. Rad1 f6 19. Nd3 e6 20. Nc5 e5 21. b4 axb3 22. Qxb3 Bf8 23. c4 bxc4 24. Bxc4 Qxb3 25. Bxb3 Kg7 26. Nb7 Rd7 27. Nc5 Bxc5 28. dxc5 Rb7 29. g3 g5 30. f3 Be6 31. Be3 Kf7 32. Bf2 Ke7 33. Rd2 h5 34. Rc1 Rb4 35. Be1 Rb5 36. Re2 Ra3 37. Re4 Kd7 38. Ra4 Rxa4 39. Bxa4 Rb2 40. Rc2 Rxc2 41. Bxc2 Ne3 42. Bg6 Bxa2 43. Bxh5 Ke6 44. Kf2 Nc2 45. Ba5 Nd4 46. h4 gxh4 47. gxh4 Bd5 48. Bd8 f5 49. Ke3 f4+ 50. Kf2 e4 51. Bg4+ Kf7 52. fxe4 Bxe4 53. Bc7 Nb3 54. Bd6 Kg6 55. Bd1 Bd5 56. h5+ Kg5 57. Be7+ Kh6 58. Bf8+ Kh7 59. Bc2+ Kg8 60. Bd6 Nd4 61. Bd3 Ne6 62. h6 Ng5 63. Bxf4 Nh3+ 64. Kg3 Nxf4 65. Kxf4 Bb3 66. Ke5 Kf7 67. Be4 Ba4 68. Kd6 Bb5 1-0

[Event "Saint Louis Cairns Cup (Women) 4th"]
[Site "Saint Louis"]
[Date "2024.06.17"]
[Round "5"]
[White "Muzychuk, Mariya"]
[Black "Harika, Dronavalli"]
[Result "1/2-1/2"]
[WhiteElo "2510"]
[BlackElo "2489"]
[PlyCount "99"]
[EventDate "2024.06.13"]
[EventType "tourn"]
[EventRounds "9"]
[EventCountry "USA"]
[EventCategory "9"]
[SourceTitle "CBM 220 Extra"]
[Source "ChessBase"]
[SourceDate "2024.07.31"]
[SourceVersion "1"]
[SourceVersionDate "2024.07.31"]
[SourceQuality "1"]

1. e4 e5 2. Nf3 Nc6 3. Bc4 Bc5 4. 0-0 Nf6 5. d3 d6 6. c3 a6 7. a4 h6 8. Re1 0-0 9. h3 Ba7 10. Nbd2 Ne7 11. Nf1 Ng6 12. Ng3 c6 13. Bb3 d5 14. exd5 Nxd5 15. d4 exd4 16. Nxd4 Be6 17. Bc2 Bd7 18. Be4 Nf6 19. Bf5 Bxd4 20. Qxd4 Bxf5 21. Nxf5 Qxd4 22. Nxd4 Rfd8 23. Nb3 Nd5 24. a5 Nf8 25. Nc5 Ne6 26. Nxe6 fxe6 27. Rxe6 Kf7 28. Re1 Rd7 29. Ra4 Rad8 30. Rd4 Nc7 31. Rf4+ Kg8 32. Rfe4 Nd5 33. Kf1 Nf6 34. Rb4 Rf7 35. c4 Rd4 36. Be3 Rh4 37. b3 Nd5 38. Ra4 Nxe3+ 39. Rxe3 Rd4 40. Ke2 Rfd7 41. Ra2 Kf7 42. Rc2 Rd1 43. c5 Ra1 44. b4 Rd4 45. Rd2 Rxb4 46. Rd7+ Kf6 47. Rd6+ Kf7 48. Rd7+ Kf6 49. Rd6+ Kf7 50. Rd7+ 1/2-1/2

[Event "Salamanca Masters 7th"]
[Site "Salamanca"]
[Date "2024.05.24"]
[Round "5"]
[White "Muzychuk, Mariya"]
[Black "Alekseenko, Kirill"]
[Result "0-1"]
[WhiteElo "2510"]
[BlackElo "2679"]
[PlyCount "85"]
[EventDate "2024.05.22"]
[EventType "tourn (rapid)"]
[EventRounds "7"]
[EventCountry "ESP"]
[EventCategory "12"]
[SourceTitle "CBM 220 Extra"]
[Source "ChessBase"]
[SourceDate "2024.07.31"]
[SourceVersion "1"]
[SourceVersionDate "2024.07.31"]
[SourceQuality "1"]

1. d4 Nf6 2. c4 e6 3. Nc3 Bb4 4. e3 0-0 5. Bd3 d6 6. Nge2 c6 7. 0-0 e5 8. Qc2 Ba5 9. a3 Re8 10. b4 Bc7 11. Bb2 Nbd7 12. Ng3 Nf8 13. Rad1 exd4 14. exd4 d5 15. cxd5 cxd5 16. Rfe1 Bg4 17. Be2 Bxe2 18. Ncxe2 Ne6 19. Qd3 a5 20. b5 a4 21. Rc1 g6 22. Rc2 h5 23. h3 Qd7 24. Rec1 Bd6 25. Nf1 h4 26. Rb1 Nh5 27. Bc1 Rac8 28. Nh2 Bxh2+ 29. Kxh2 Qd6+ 30. f4 Nexf4 31. Bxf4 Nxf4 32. Nxf4 Qxf4+ 33. Kh1 Rxc2 34. Qxc2 Qxd4 35. Rd1 Qc4 36. Qxc4 dxc4 37. Rd7 c3 38. Rc7 Re5 39. b6 Rb5 40. Rxc3 Rxb6 41. Rc4 Rb1+ 42. Kh2 b5 43. Rc6 0-1

[Event "Salamanca Masters 7th"]
[Site "Salamanca"]
[Date "2024.05.22"]
[Round "1"]
[White "Paehtz, Elisabeth"]
[Black "Muzychuk, Mariya"]
[Result "1-0"]
[WhiteElo "2457"]
[BlackElo "2510"]
[PlyCount "108"]
[EventDate "2024.05.22"]
[EventType "tourn (rapid)"]
[EventRounds "7"]
[EventCountry "ESP"]
[EventCategory "12"]
[SourceTitle "CBM 220 Extra"]
[Source "ChessBase"]
[SourceDate "2024.07.31"]
[SourceVersion "1"]
[SourceVersionDate "2024.07.31"]
[SourceQuality "1"]

1. d4 Nf6 2. Nf3 d5 3. c3 e6 4. Bf4 Bd6 5. e3 c5 6. Nbd2 Bxf4 7. exf4 Qd6 8. g3 cxd4 9. Nxd4 e5 10. Nb5 Qe7 11. fxe5 Qxe5+ 12. Qe2 Qxe2+ 13. Bxe2 Kd7 14. 0-0-0 a6 15. Nd4 Nc6 16. N2b3 Ne4 17. Nc2 Ne7 18. Rhf1 Kc7 19. f3 Nd6 20. Ne3 Be6 21. f4 Rad8 22. Bf3 Ndf5 23. Nc2 h5 24. Rfe1 Nc6 25. Nc5 Rd6 26. Nb3 g6 27. Nbd4 Rhd8 28. Nxf5 Bxf5 29. Nd4 Bg4 30. Bxg4 hxg4 31. Re2 Nxd4 32. Rxd4 Kc6 33. Re7 R6d7 34. Rxd7 Rxd7 35. f5 gxf5 36. Rf4 Re7 37. Rxf5 Re1+ 38. Kd2 Rh1 39. Rf6+ Kc5 40. Kd3 Rxh2 41. b4+ Kb5 42. Rxf7 Rg2 43. Rxb7+ Kc6 44. Rg7 Rxg3+ 45. Kd4 Rg1 46. Rg6+ Kb5 47. Kxd5 g3 48. a4+ Kxa4 49. Kc4 Ka3 50. Rxa6+ Kb2 51. Rg6 Ka3 52. b5 g2 53. Rg8 Ka2 54. b6 Ka3 1-0